000
00313nam a22001217a 4500
003
OSt
005
20260205111116.0
008
260205b |||||||| |||| 00| 0 eng d
040
_c
fms
100
_a
Stevenson(W.J)
_9
1113810
245
_a
Introduction to management Science With sprreadsheets
942
_2
CC
_c
TB
_n
0
999
_c
1678691
_d
1678691